<?xml version="1.0" encoding="UTF-8"?>
<record
    xmlns:xsi="http://www.w3.org/2001/XMLSchema-instance"
    xsi:schemaLocation="http://www.loc.gov/MARC21/slim http://www.loc.gov/standards/marcxml/schema/MARC21slim.xsd"
    xmlns="http://www.loc.gov/MARC21/slim">

  <leader>00720nab a2200205uuc4500</leader>
  <controlfield tag="001">1206576</controlfield>
  <controlfield tag="005">20240907091134.0</controlfield>
  <controlfield tag="008">100709e20100201                    spa  </controlfield>
  <datafield tag="035" ind1=" " ind2=" ">
    <subfield code="a">1206576</subfield>
  </datafield>
  <datafield tag="035" ind1=" " ind2=" ">
    <subfield code="a">(OCoLC)820547504</subfield>
  </datafield>
  <datafield tag="040" ind1=" " ind2=" ">
    <subfield code="c">comduadb</subfield>
  </datafield>
  <datafield tag="041" ind1=" " ind2=" ">
    <subfield code="a">spa</subfield>
  </datafield>
  <datafield tag="100" ind1="1" ind2="0">
    <subfield code="a">Bejarano &#xC1;vila, Jes&#xFA;s Antonio,</subfield>
    <subfield code="c">Economista</subfield>
    <subfield code="d">1946-1999</subfield>
    <subfield code="4">aut</subfield>
    <subfield code="0">(isni)0000 0001 1333 6345</subfield>
    <subfield code="0">(viaf)93643051</subfield>
    <subfield code="e">aut</subfield>
    <subfield code="9">317919</subfield>
  </datafield>
  <datafield tag="245" ind1="1" ind2="3">
    <subfield code="a">El concepto de lo rural: &#xBF;Qu&#xE9; hay de nuevo?</subfield>
  </datafield>
  <datafield tag="650" ind1=" " ind2=" ">
    <subfield code="a">Sector rural - Colombia</subfield>
    <subfield code="9">131914</subfield>
  </datafield>
  <datafield tag="650" ind1=" " ind2="7">
    <subfield code="a">Desarrollo econ&#xF3;mico</subfield>
    <subfield code="2">lemb</subfield>
    <subfield code="9">32780</subfield>
  </datafield>
  <datafield tag="650" ind1=" " ind2="7">
    <subfield code="a">Desarrollo social</subfield>
    <subfield code="2">lemb</subfield>
    <subfield code="9">5445</subfield>
  </datafield>
  <datafield tag="773" ind1="0" ind2=" ">
    <subfield code="t">Kabai (Medell&#xED;n)</subfield>
    <subfield code="g">N&#xFA;mero 18, Febrero 2010, p. 66-72</subfield>
    <subfield code="w">594697</subfield>
    <subfield code="x">0124-1192</subfield>
    <subfield code="0">150080</subfield>
  </datafield>
  <datafield tag="942" ind1=" " ind2=" ">
    <subfield code="c">ARIMP</subfield>
  </datafield>
  <datafield tag="999" ind1=" " ind2=" ">
    <subfield code="c">559516</subfield>
    <subfield code="d">559516</subfield>
  </datafield>
</record>
